00999cam a22002775a 4500001001000000003000400010005001700014008004100031020001800072040004000090082001900130245010100149246003900250250001600289260004600305300003400351500002600385504005100411650003600462651001000498653002000508700002800528942000800556999001700564952014000581015830002OSt20180507151311.0110614r20132010enka frb f001 0 eng d a9780199693771 aStDuBDSbengcStDuBDSdUkdEG-ScBUE04222a330.9bOXF04aThe Oxford handbook of comparative institutional analysis /cedited by Glenn Morgan ... [et al.]30aComparative institutional analysis aReprint ed. aOxford :bOxford University Press,c2013. axvi, 707 p. :bill. ;c25 cm. aReprinted of 2010 ed. aIncludes bibliographical references and index. 7aInstitutional economics.2BUEsh 2BUEsh bBUSADMcMay20181 aMorgan, Glenn,eeditor. 2ddc c26650d26622 00102ddc40708BaccahaMAINbMAINc1STd2018-05-07ePurchaseg364.00h21201l0o330.9 OXFp000047706r2025-07-15 00:00:00v455.00yBB